|
|
|
|
| LEADER |
01270nam a2200349 a 4500 |
| 001 |
000531288 |
| 003 |
CZ BrMZK |
| 005 |
20090305130054.0 |
| 007 |
ta |
| 008 |
000115s2000 xr g f cze d |
| 015 |
|
|
|a cnb000886485
|
| 020 |
|
|
|a 80-7218-348-6
|
| 035 |
|
|
|a (OCoLC)45491654
|
| 040 |
|
|
|a BOA001
|b cze
|
| 072 |
|
7 |
|a 821.111-3
|x Anglická próza, anglicky psaná
|2 Konspekt
|9 25
|
| 080 |
|
|
|a 821.111-31
|2 MRF
|
| 080 |
|
|
|a (0:82-31)
|2 MRF
|
| 100 |
1 |
|
|a Cowie, Vera
|7 xx0016917
|4 aut
|
| 245 |
1 |
0 |
|a Krutá krása /
|c Vera Cowie ; [z angličtiny přeložila Eva Nuhlíčková]
|
| 250 |
|
|
|a Vyd. 1.
|
| 260 |
|
|
|a Frýdek-Místek :
|b Alpress,
|c 2000
|
| 300 |
|
|
|a 350 s. ;
|c 21 cm
|
| 490 |
1 |
|
|a Klokan (Alpress)
|
| 500 |
|
|
|a Dostupné též v digitální podobě v aplikaci Kramerius
|
| 655 |
|
7 |
|a anglické romány
|7 fd131814
|2 czenas
|
| 700 |
1 |
|
|a Nuhlíčková, Ivana,
|d 1958-
|7 jn20001005269
|4 trl
|
| 765 |
0 |
|
|t <<The >>bad and the beautiful
|
| 830 |
|
0 |
|a Klokan (Alpress)
|0 s
|
| 856 |
4 |
1 |
|u http://www.digitalniknihovna.cz/mzk/uuid/uuid:5105ac30-c035-11ee-bde2-005056827e51
|y Digitalizovaný dokument
|x NDK
|
| 910 |
|
|
|a BOA001
|b 2-1076.625
|
| 990 |
|
|
|a BK
|
| 996 |
6 |
|
|b 2610120806
|c 2-1076.625
|l MZK
|r Sklad / do 1 hodiny
|n 6
|p p.v.
|w 000531288
|u 000010
|a 1
|e BOA001
|j MZK50
|s P
|